Examen apothecariorum / (Record no. 5240)
[ view plain ]
| 000 -LEADER | |
|---|---|
| fixed length control field | 01243cam a2200325 a 4500 |
| 001 - CONTROL NUMBER | |
| control field | 2530054 |
| 003 - CONTROL NUMBER IDENTIFIER | |
| control field | OSt |
| 005 - DATE AND TIME OF LATEST TRANSACTION | |
| control field | 20220405122218.0 |
| 008 - FIXED-LENGTH DATA ELEMENTS--GENERAL INFORMATION | |
| fixed length control field | 930423r19911521sp 000 0 lat |
| 010 ## - LIBRARY OF CONGRESS CONTROL NUMBER | |
| LC control number | 93144951 |
| 020 ## - INTERNATIONAL STANDARD BOOK NUMBER | |
| International Standard Book Number | 8472392236 |
| 040 ## - CATALOGING SOURCE | |
| Original cataloging agency | DLC |
| Transcribing agency | ALUPE UNIVERSITY |
| 041 0# - LANGUAGE CODE | |
| Language code of text/sound track or separate title | latspa |
| 043 ## - GEOGRAPHIC AREA CODE | |
| Geographic area code | e-sp--- |
| 050 00 - LIBRARY OF CONGRESS CALL NUMBER | |
| Classification number | RS65 |
| Item number | .M38 1991 |
| 082 00 - DEWEY DECIMAL CLASSIFICATION NUMBER | |
| Classification number | 615/.1 |
| Edition number | 20 |
| 100 1# - MAIN ENTRY--PERSONAL NAME | |
| Personal name | Mateo, Pedro Benedicto, |
| Dates associated with a name | active 1497. |
| 245 10 - TITLE STATEMENT | |
| Title | Examen apothecariorum / |
| Statement of responsibility, etc. | Pedro Benedicto Mateo. |
| 260 ## - PUBLICATION, DISTRIBUTION, ETC. | |
| Place of publication, distribution, etc. | [Spain] : |
| Name of publisher, distributor, etc. | Fundación de Ciencias de la Salud : |
| -- | Sociedad Estatal Quinto Centenario : |
| -- | Patrimonio Nacional, |
| Date of publication, distribution, etc. | [1991] |
| 300 ## - PHYSICAL DESCRIPTION | |
| Extent | [11] p., 102 leaves ; |
| Dimensions | 30 cm. |
| 440 #0 - SERIES STATEMENT/ADDED ENTRY--TITLE | |
| Title | Biblioteca de clásicos de la farmacia española |
| 500 ## - GENERAL NOTE | |
| General note | Latin and Spanish. |
| 500 ## - GENERAL NOTE | |
| General note | "Reproducción facsímil del libro conservado en la Real Botica del Palacio Real de Madrid." |
| 500 ## - GENERAL NOTE | |
| General note | Originally published: Barcelona : J. Rosembach, 1521. |
| 504 ## - BIBLIOGRAPHY, ETC. NOTE | |
| Bibliography, etc. note | Includes bibliographical references (p. [11]) and index. |
| 650 #0 - SUBJECT ADDED ENTRY--TOPICAL TERM | |
| Topical term or geographic name entry element | Pharmacy |
| Geographic subdivision | Spain |
| General subdivision | History. |
| 906 ## - LOCAL DATA ELEMENT F, LDF (RLIN) | |
| a | 7 |
| b | cbc |
| c | orignew |
| d | 3 |
| e | ncip |
| f | 19 |
| g | y-gencatlg |
| 942 ## - ADDED ENTRY ELEMENTS (KOHA) | |
| Source of classification or shelving scheme | |
| Koha item type | Book |
| Suppress in OPAC | JO |
| Withdrawn status | Lost status | Source of classification or shelving scheme | Damaged status | Not for loan | Permanent Location | Current Location | Shelving location | Date acquired | Source of acquisition | Total Checkouts | Full call number | Barcode | Date last seen | Price effective from | Koha item type | Public note |
|---|---|---|---|---|---|---|---|---|---|---|---|---|---|---|---|---|
| AU LIBRARY | AU LIBRARY | Open Shelf | 05.04.2022 | DONATION FROM MOI UNIVERSITY | RS65 .M38 1991 | 28007513 | 05.04.2022 | 05.04.2022 | Book | JO |